<?xml version="1.0" encoding="UTF-8"?>
<record
    xmlns:xsi="http://www.w3.org/2001/XMLSchema-instance"
    xsi:schemaLocation="http://www.loc.gov/MARC21/slim http://www.loc.gov/standards/marcxml/schema/MARC21slim.xsd"
    xmlns="http://www.loc.gov/MARC21/slim">

  <leader>01010nam a22002177a 4500</leader>
  <controlfield tag="003">OSt</controlfield>
  <controlfield tag="005">20210217105052.0</controlfield>
  <controlfield tag="008">210217t2007    eu a|||br|||| 00| j spa d</controlfield>
  <datafield tag="040" ind1=" " ind2=" ">
    <subfield code="a">CO-JMCR</subfield>
    <subfield code="c">CO-JMCR</subfield>
  </datafield>
  <datafield tag="041" ind1="0" ind2=" ">
    <subfield code="a">spa</subfield>
  </datafield>
  <datafield tag="082" ind1="0" ind2="4">
    <subfield code="a">H /</subfield>
    <subfield code="b">PAQb</subfield>
    <subfield code="2">23</subfield>
  </datafield>
  <datafield tag="100" ind1="1" ind2=" ">
    <subfield code="a">Paquette, A., </subfield>
    <subfield code="e">autor</subfield>
    <subfield code="9">13541</subfield>
  </datafield>
  <datafield tag="245" ind1="1" ind2="3">
    <subfield code="a">El bandido de Dios : </subfield>
    <subfield code="b">la verdadera historia de William Tyndale y la Biblia en ingl&#xE9;s / </subfield>
    <subfield code="c">escrito por A. Paquette ; ilustrado por R.F. Palavicini</subfield>
  </datafield>
  <datafield tag="260" ind1=" " ind2=" ">
    <subfield code="a">[New York] :</subfield>
    <subfield code="b">Living Sacrifice Book Company, </subfield>
    <subfield code="c">&#xA9;2007</subfield>
  </datafield>
  <datafield tag="300" ind1=" " ind2=" ">
    <subfield code="a">40 p&#xE1;ginas : </subfield>
    <subfield code="b">ilustraciones a color ; </subfield>
    <subfield code="c">17 cm.</subfield>
  </datafield>
  <datafield tag="520" ind1="3" ind2=" ">
    <subfield code="a">A principios del a&#xF1;o 1500, traducir la Biblia en ingl&#xE9;s era considerado un crimen castigado con la pena de muerte. Un hombre arriesg&#xF3; su vida precisamente para hacerlo y como resultado cambi&#xF3; la historia para siempre. -William Tyndale-</subfield>
  </datafield>
  <datafield tag="650" ind1="1" ind2="4">
    <subfield code="a">Historia b&#xED;blica</subfield>
    <subfield code="9">13542</subfield>
  </datafield>
  <datafield tag="650" ind1="1" ind2="4">
    <subfield code="a">Traducci&#xF3;n de la biblia</subfield>
    <subfield code="x">historia</subfield>
    <subfield code="9">13543</subfield>
  </datafield>
  <datafield tag="700" ind1="1" ind2=" ">
    <subfield code="a">Palavicini, R.F., </subfield>
    <subfield code="e">ilustrador</subfield>
    <subfield code="9">13544</subfield>
  </datafield>
  <datafield tag="942" ind1=" " ind2=" ">
    <subfield code="2">ddc</subfield>
    <subfield code="c">BK</subfield>
  </datafield>
  <datafield tag="999" ind1=" " ind2=" ">
    <subfield code="c">7207</subfield>
    <subfield code="d">7207</subfield>
  </datafield>
  <datafield tag="952" ind1=" " ind2=" ">
    <subfield code="0">0</subfield>
    <subfield code="1">0</subfield>
    <subfield code="2">ddc</subfield>
    <subfield code="4">0</subfield>
    <subfield code="7">0</subfield>
    <subfield code="8">FIC</subfield>
    <subfield code="a">CPL</subfield>
    <subfield code="b">CPL</subfield>
    <subfield code="d">2018-04-15</subfield>
    <subfield code="e">Donaci&#xF3;n</subfield>
    <subfield code="l">0</subfield>
    <subfield code="o">H / PAQb</subfield>
    <subfield code="p">201810364</subfield>
    <subfield code="r">2021-02-17 00:00:00</subfield>
    <subfield code="t">Ej.1</subfield>
    <subfield code="w">2021-02-17</subfield>
    <subfield code="y">BK</subfield>
  </datafield>
</record>
